00462nam a2200145 a 4500008004100000020001800041050001600059100001900075245010400094250001900198260004900217300001800266650001900284650001300303210401s2000 ||||||||||||||||| || u a9780767411394 aLB 2369 Man aManer, Martin 14aThe research process : a complete guide and reference for writers (Second edition)cBy Martin Maner aSecond edition aNew YorkbMcGraw-Hill Higher Educationc2000 axx, 386 pages 0aREPORT WRITING 0aRESEARCH